Applied complex variables for scientists and engineers / (Record no. 7239)

MARC details
000 -LEADER
fixed length control field 01164cam a22003014a 4500
001 - CONTROL NUMBER
control field 12279313
003 - CONTROL NUMBER IDENTIFIER
control field OSt
005 - DATE AND TIME OF LATEST TRANSACTION
control field 20210920145018.0
008 - FIXED-LENGTH DATA ELEMENTS--GENERAL INFORMATION
fixed length control field 010116s2002 enka 001 0 eng
010 ## - LIBRARY OF CONGRESS CONTROL NUMBER
LC control number 2001018485
020 ## - INTERNATIONAL STANDARD BOOK NUMBER
International Standard Book Number 0521803020
020 ## - INTERNATIONAL STANDARD BOOK NUMBER
International Standard Book Number 0521004624 (pbk.)
040 ## - CATALOGING SOURCE
Original cataloging agency DLC
Transcribing agency DDC
Modifying agency DLC
042 ## - AUTHENTICATION CODE
Authentication code pcc
050 00 - LIBRARY OF CONGRESS CALL NUMBER
Classification number QA331.7
Item number .K88 2002
082 00 - DEWEY DECIMAL CLASSIFICATION NUMBER
Classification number 621.KWO2002
100 1# - MAIN ENTRY--PERSONAL NAME
Personal name Kwok, Y. K.
Fuller form of name (Yue-Kuen),
Dates associated with a name 1957-
9 (RLIN) 14875
245 10 - TITLE STATEMENT
Title Applied complex variables for scientists and engineers /
Statement of responsibility, etc. Edited by Kwok,Yue,Kuen;
260 ## - PUBLICATION, DISTRIBUTION, ETC. (IMPRINT)
Place of publication, distribution, etc. Cambridge ;
-- New York :
Name of publisher, distributor, etc. Cambridge University Press,
Date of publication, distribution, etc. 2002.
300 ## - PHYSICAL DESCRIPTION
Extent xi,392p. :
Other physical details ill. ;
Dimensions 24 cm.
504 ## - BIBLIOGRAPHY, ETC. NOTE
Bibliography, etc Includes; Index.
650 #0 - SUBJECT ADDED ENTRY--TOPICAL TERM
Topical term or geographic name as entry element Mathematics
9 (RLIN) 810
856 42 - ELECTRONIC LOCATION AND ACCESS
Materials specified Publisher description
Uniform Resource Identifier <a href="http://www.loc.gov/catdir/description/cam021/2001018485.html">http://www.loc.gov/catdir/description/cam021/2001018485.html</a>
856 41 - ELECTRONIC LOCATION AND ACCESS
Materials specified Table of contents
Uniform Resource Identifier <a href="http://www.loc.gov/catdir/toc/cam026/2001018485.html">http://www.loc.gov/catdir/toc/cam026/2001018485.html</a>
906 ## - LOCAL DATA ELEMENT F, LDF (RLIN)
a 7
b cbc
c orignew
d 1
e ocip
f 20
g y-gencatlg
942 ## - ADDED ENTRY ELEMENTS (KOHA)
Source of classification or shelving scheme Dewey Decimal Classification
Koha item type Open Shelf
Holdings
Withdrawn status Lost status Source of classification or shelving scheme Damaged status Not for loan Home library Current library Date acquired Source of acquisition Inventory number Total Checkouts Full call number Barcode Date last seen Price effective from Koha item type
    Dewey Decimal Classification     MUST Main Library MUST Main Library 20/09/2021 donation 20443   621.KWO2002 2021-1172 20/09/2021 20/09/2021 Open Shelf